000 00208 a2200097 4500
001 48868
100 _aWalker
245 _aAir Superiority operations
260 _aLondan
_bBrassey
_c
090 _c31763
_d31763
942 _aNUST-CAE
_cM
_c24184
999 _c283941
_d283941